[Event "ch-NED w 2014"]
[Site "Amsterdam NED"]
[Date "2014.07.06"]
[Round "1.1"]
[White "Padurariu, Ioana-Smaranda"]
[Black "Haast, Anne"]
[Result "0-1"]
[WhiteTitle "WIM"]
[BlackTitle "WIM"]
[WhiteElo "2205"]
[BlackElo "2296"]
[WhiteFideId "1210947"]
[BlackFideId "1017292"]
[EventDate "2014.07.06"]

1. e4 c5 2. Nf3 e6 3. d4 cxd4 4. Nxd4 Nc6 5. Nc3 Qc7 6. Be3 a6 7. Qd2 Nf6 8.
O-O-O Bb4 9. f3 Ne7 10. a3 Bxc3 11. Qxc3 Qxc3 12. bxc3 d5 13. e5 Nd7 14. f4 h5
15. Nb3 b6 16. Bd3 Bb7 17. Rhg1 Rc8 18. Kd2 Rc7 19. Rb1 O-O 20. g4 hxg4 21. Rxg4
g6 22. h4 Kg7 23. Nd4 Rh8 24. Rg2 b5 25. f5 exf5 26. Bg5 Kf8 27. e6 Nc5 28. Bf6
Rh7 29. Be5 Rc8 30. exf7 Kxf7 31. Nf3 Ke8 32. Ng5 Rxh4 33. Bf6 Rc6 34. Ne6 Ne4+
35. Bxe4 Rxe4 36. Bxe7 Rexe6 37. Bg5 d4 38. cxd4 Rc4 39. Rh2 Rxd4+ 40. Kc3 Rc4+
41. Kb2 Bf3 42. Rd2 Rg4 43. Rd8+ Kf7 44. Rd7+ Kf8 45. Rd8+ Re8 46. Bh6+ Ke7 47.
Rd3 Be4 48. Rc3 Rd8 49. a4 b4 50. Rc5 b3 51. Kxb3 Rb8+ 52. Ka2 Bd5+ 53. c4 Rxc4
54. Rxb8 Rxc5+ 55. Kb2 Rc4 56. Bg5+ Kf7 57. Rd8 Be6 58. a5 Rg4 59. Bd2 g5 60.
Kc3 Rc4+ 61. Kd3 f4 62. Rd4 Rc6 63. Ke4 Kf6 64. Rb4 Rc2 65. Rd4 Bf5+ 66. Kf3 Ke5
67. Rd8 g4+ 68. Ke2 g3 69. Kf3 Rc4 70. Re8+ Be6 71. Bxf4+ Rxf4+ 72. Kxg3 Ra4 73.
Kf3 Rxa5 74. Ke3 Ra3+ 75. Kd2 Kd6 76. Kc2 a5 77. Kb2 Rb3+ 78. Kc2 a4 79. Ra8 Bd7 0-1

[Event "ch-NED w 2014"]
[Site "Amsterdam NED"]
[Date "2014.07.06"]
[Round "1.2"]
[White "Muhren, Bianca"]
[Black "Paulet, Iozefina"]
[Result "1/2-1/2"]
[WhiteTitle "WGM"]
[BlackTitle "WGM"]
[WhiteElo "2296"]
[BlackElo "2227"]
[WhiteFideId "1008498"]
[BlackFideId "1213261"]
[EventDate "2014.07.06"]

1. e4 c5 2. Nf3 d6 3. Bb5+ Bd7 4. Bxd7+ Qxd7 5. O-O Nf6 6. Re1 e6 7. c3 Be7 8.
d4 cxd4 9. cxd4 O-O 10. Nc3 d5 11. e5 Ne8 12. h4 Nc6 13. Qd3 f6 14. exf6 Bxf6
15. Bg5 Nd6 16. Rad1 Qf7 17. Re2 Rae8 18. Qd2 h6 19. Bxf6 Qxf6 20. Ne5 Qf4 21.
Ng6 Qxd2 22. Rdxd2 Rf7 23. h5 b5 24. Rd1 b4 25. Na4 Nf5 26. Red2 Rc7 27. g4 Nd6
28. f3 Nb5 29. Kg2 Rec8 30. Kg3 Na5 31. Nc5 Kf7 32. Re1 Re8 33. Na6 Rb7 34. Nxb4
Nc4 35. Ne5+ Nxe5 36. Rxe5 Rc8 37. Nc2 Nd6 38. b3 Rc3 39. Re3 Rbc7 40. Rxc3 Rxc3
41. Kf2 Kf6 42. Ne3 Nb5 43. Ke2 Na3 44. Rd3 Rc1 45. Rd2 Kg5 46. Kf2 Rc3 47. Re2
Nb5 48. Rd2 Na3 49. Ng2 Rc2 50. Ke3 Rc3+ 51. Kf2 Rc2 52. Ke2 Rc3 53. Ne1 Nb1 54.
Rd1 Na3 55. Kd2 Rc6 56. Kd3 Kf4 57. Ng2+ Kxf3 58. Ne3 Rc7 59. Rf1+ Kg3 60. Ke2
Nc2 61. Rg1+ Kf4 62. Ng2+ Ke4 63. Kf2 Nxd4 64. Re1+ Kd3 65. Nf4+ Kd2 66. Re3 Rc3
67. Rxc3 Kxc3 68. Ng6 Nc6 69. Nf4 d4 70. Nxe6 d3 71. Nc5 d2 72. Ne4+ Kc2 73.
Nxd2 Kxd2 74. Kf3 Kc3 75. Ke4 Kb2 76. Kf5 Kxa2 77. b4 Kb3 78. b5 Nd4+ 79. Kg6
Ne6 80. Kf7 Kb4 81. Kxe6 Kxb5 82. Kf7 a5 83. Kxg7 a4 84. Kxh6 a3 85. g5 a2 86.
g6 a1=Q 87. g7 Qf6+ 88. Kh7 Qf5+ 89. Kh6 Qf6+ 90. Kh7 Qf7 91. h6 Kc5 92. Kh8 Qf6
93. Kh7 Qf7 94. Kh8 Qf6 95. Kh7 1/2-1/2

[Event "ch-NED w 2014"]
[Site "Amsterdam NED"]
[Date "2014.07.06"]
[Round "1.3"]
[White "Kazarian, Anna-Maja"]
[Black "Hortensius, Lisa"]
[Result "1/2-1/2"]
[WhiteTitle "WFM"]
[WhiteElo "2025"]
[BlackElo "2162"]
[WhiteFideId "1033689"]
[BlackFideId "1012339"]
[EventDate "2014.07.06"]

1. e4 c5 2. Nf3 e6 3. d4 cxd4 4. Nxd4 Nc6 5. Nb5 d6 6. c4 a6 7. N5c3 Nf6 8. Be2
Be7 9. O-O O-O 10. Be3 b6 11. Nd2 Bb7 12. Qb3 Nd7 13. Rac1 Rc8 14. Rfd1 Nc5 15.
Qc2 Bf6 16. Nb3 Qc7 17. Nd4 Rfd8 18. a3 Nxd4 19. Bxd4 Bg5 20. Rb1 Nd7 21. f3 Bf6
22. Be3 Ne5 23. Rbc1 Nxc4 24. Bxc4 Qxc4 25. Bxb6 Rd7 26. Qf2 Bd8 27. Bxd8 Rdxd8
28. Qb6 Qc5+ 29. Qxc5 Rxc5 30. b4 Rc6 31. Na4 Kf8 32. Rxc6 Bxc6 33. Nc5 Ke7 34.
Nxa6 Ra8 35. b5 Bxb5 36. Nc7 Ra5 37. Nxb5 Rxb5 38. a4 Ra5 39. Rd4 Kd7 40. Kf2
Kc6 41. Ke3 Kc5 42. Kd3 d5 43. exd5 exd5 44. Rg4 g6 45. Rf4 f5 46. g4 fxg4 47.
fxg4 g5 48. Rd4 Ra6 49. Kc3 Rh6 50. Rd2 Rh4 51. Rg2 Rh3+ 52. Kb2 d4 53. a5 Kb5
54. Rd2 Kxa5 55. Rxd4 Rxh2+ 56. Kc3 Kb6 57. Rd5 h6 58. Kd3 Rh4 59. Ke3 Rxg4 60.
Rd6+ Kc5 61. Rxh6 Kd5 62. Kf3 Rf4+ 63. Kg3 Ke5 64. Ra6 Rb4 65. Ra5+ Kf6 66. Ra8
Kg6 67. Rg8+ Kf6 68. Rf8+ Kg7 69. Rf5 Kg6 70. Rf8 Kg7 71. Rf5 Kh6 72. Rf8 Kh5
73. Rh8+ Kg6 1/2-1/2

[Event "ch-NED w 2014"]
[Site "Amsterdam NED"]
[Date "2014.07.06"]
[Round "1.4"]
[White "Peng, Zhaoqin"]
[Black "Lanchava, Tea"]
[Result "0-1"]
[WhiteTitle "GM"]
[BlackTitle "IM"]
[WhiteElo "2402"]
[BlackElo "2286"]
[WhiteFideId "1004786"]
[BlackFideId "1005308"]
[EventDate "2014.07.06"]

1. d4 f5 2. g3 Nf6 3. Bg2 g6 4. Nh3 Bg7 5. O-O O-O 6. Nf4 c6 7. c4 d6 8. d5 e5
9. dxe6 Na6 10. Nc3 Nc5 11. Be3 Nxe6 12. Rc1 Ng4 13. Bd2 Ne5 14. b3 Nxf4 15.
gxf4 Ng4 16. e3 Qe7 17. Ne2 Be6 18. Bc3 Nf6 19. Nd4 Bf7 20. Nf3 h6 21. Qc2 Ne4
22. Bxg7 Kxg7 23. Nd2 Nf6 24. Rfd1 Rae8 25. Qd3 Rg8 26. b4 Kf8 27. b5 c5 28. Nf1
Rd8 29. Ng3 h5 30. h3 h4 31. Ne2 Rd7 32. Kh2 g5 33. fxg5 Rxg5 34. Nf4 Nh5 35.
Nxh5 Bxh5 36. Rg1 Qf6 37. Qc3 Qxc3 38. Rxc3 Rdg7 39. Rcc1 f4 40. exf4 Rf5 41.
Bd5 Rxf4 42. Rxg7 Kxg7 43. Kg2 Bf7 44. Rd1 Rf6 45. a4 b6 46. f3 Kf8 47. Kf2 Bxd5
48. Rxd5 Rf4 49. Rxd6 Rxc4 50. a5 Ke7 51. Rc6 bxa5 52. Ra6 a4 53. Ke3 Rb4 54. f4
Rxb5 55. Ke4 Rb6 56. Rxa7+ Kf6 57. Kd5 Rb4 58. Kxc5 Rxf4 59. Kd5 Rb4 60. Kc5 Rf4
61. Kd5 Rb4 62. Kc5 Rb3 63. Rxa4 Rxh3 64. Kd5 Kf5 65. Kd4 Kf4 66. Ra8 Rb3 67.
Rf8+ Kg3 68. Rg8+ Kf2 69. Ke4 h3 70. Rf8+ Kg2 71. Rg8+ Rg3 72. Ra8 h2 0-1

[Event "ch-NED w 2014"]
[Site "Amsterdam NED"]
[Date "2014.07.07"]
[Round "2.1"]
[White "Paulet, Iozefina"]
[Black "Kazarian, Anna-Maja"]
[Result "1-0"]
[WhiteTitle "WGM"]
[BlackTitle "WFM"]
[WhiteElo "2227"]
[BlackElo "2025"]
[WhiteFideId "1213261"]
[BlackFideId "1033689"]
[EventDate "2014.07.06"]

1. d4 d5 2. Nf3 Nf6 3. Bg5 e6 4. e3 Nbd7 5. Nbd2 c5 6. c3 Be7 7. Bd3 h6 8. Bf4
b6 9. Ne5 Nxe5 10. Bxe5 O-O 11. g4 Bb7 12. h4 Ne4 13. g5 f6 14. gxf6 Bxf6 15.
Qg4 Nxf2 16. Kxf2 Bxe5+ 17. Ke2 Bf6 18. Qxe6+ Kh8 19. Qf5 Kg8 20. Raf1 Rf7 21.
Nf3 Qc8 22. Qh7+ Kf8 23. Kd2 Ba6 24. Bxa6 Qxa6 25. Qh8+ Ke7 26. Qxa8 Qxa2 27.
Qb7+ Ke8 28. Qc8+ Ke7 29. Qc7+ Ke8 30. Qc6+ Kf8 31. Kc2 1-0

[Event "ch-NED w 2014"]
[Site "Amsterdam NED"]
[Date "2014.07.07"]
[Round "2.2"]
[White "Haast, Anne"]
[Black "Lanchava, Tea"]
[Result "1-0"]
[WhiteTitle "WIM"]
[BlackTitle "IM"]
[WhiteElo "2296"]
[BlackElo "2286"]
[WhiteFideId "1017292"]
[BlackFideId "1005308"]
[EventDate "2014.07.06"]

1. e4 g6 2. d4 Bg7 3. Nc3 c6 4. h3 d5 5. Nf3 Nh6 6. Be2 O-O 7. O-O f6 8. Re1 Nf7
9. Bf1 e6 10. a4 b6 11. b3 Re8 12. Ba3 Bb7 13. exd5 cxd5 14. h4 e5 15. Bb5 Re6
16. Ne2 a6 17. Nf4 exf4 18. Rxe6 axb5 19. axb5 Bc8 20. Re1 Bf5 21. c4 Nd7 22.
Nd2 Nf8 23. Qf3 Ne6 24. Bb2 Bf8 25. Ra6 Rb8 26. c5 Nc7 27. Rxb6 Nxb5 28. Rxb8
Qxb8 29. Qxd5 Nc7 30. Qc4 Qb7 31. b4 Qc6 32. Qe2 Qa4 33. Bc3 Nb5 34. Qc4 Qc2 35.
Qxb5 Qxc3 36. Nf3 Bg4 37. Re8 Bxf3 38. Qb8 Kg7 39. Rxf8 Qe1+ 40. Kh2 Qxf2 41.
Rg8+ Kh6 42. Qxf4+ 1-0

[Event "ch-NED w 2014"]
[Site "Amsterdam NED"]
[Date "2014.07.07"]
[Round "2.3"]
[White "Padurariu, Ioana-Smaranda"]
[Black "Muhren, Bianca"]
[Result "1-0"]
[WhiteTitle "WIM"]
[BlackTitle "WGM"]
[WhiteElo "2205"]
[BlackElo "2296"]
[WhiteFideId "1210947"]
[BlackFideId "1008498"]
[EventDate "2014.07.06"]

1. e4 c5 2. Nf3 e6 3. d4 cxd4 4. Nxd4 Nc6 5. Nc3 Qc7 6. Be3 a6 7. Qd2 Nf6 8.
O-O-O Be7 9. f3 b5 10. g4 Nxd4 11. Qxd4 Bb7 12. Qb6 Qxb6 13. Bxb6 d5 14. e5 Nd7
15. Bd4 Bg5+ 16. Kb1 Bf4 17. Re1 h5 18. h3 h4 19. Bd3 g5 20. Re2 O-O 21. a4 f6
22. exf6 e5 23. Bf2 b4 24. Na2 a5 25. Nc1 Bc6 26. Bf5 e4 27. fxe4 dxe4 28. Bxe4
Bxe4 29. Rxe4 Nxf6 30. Re2 Rae8 31. Rhe1 Rxe2 32. Rxe2 Nd5 33. Nd3 Bc7 34. Re6
Kh7 35. Be3 Rf1+ 36. Ka2 Nxe3 37. Rxe3 Bg3 38. Re7+ Kg6 39. Re6+ Kg7 40. Ra6 Bc7
41. Rc6 Bd8 42. Rd6 Bf6 43. Nc5 Rh1 44. Rd3 Be5 45. Ne4 Bf4 46. Kb3 Kf7 47. Kc4
Rh2 48. Kb5 Rxc2 49. b3 Ke6 50. Nc5+ Ke5 51. Kc6 Bh2 52. Rf3 Kd4 53. Rd3+ Ke5
54. Rf3 Bg1 55. Rf5+ Kd4 56. Kb5 Be3 57. Ne6+ Kc3 58. Rf3 Kd2 59. Kxa5 Rc6 60.
Ng7 Ke2 61. Rf5 Bd2 62. Re5+ Kd3 63. Nf5 Kc3 64. Rd5 Rc8 65. Nd4 Bf4 66. Kb5
Rb8+ 67. Kc6 Rc8+ 68. Kb7 Rb8+ 69. Ka7 Re8 70. Kb7 Be3 71. Nf5 Bf2 72. Nd6 Re7+
73. Kc6 Kxb3 74. a5 Ka4 75. Rd2 Bg3 76. Nc4 Rc7+ 77. Kd5 Rd7+ 78. Kc5 Rxd2 79.
Nxd2 Kxa5 80. Kc4 Ka4 81. Nb3 Ka3 82. Nd4 Ka4 83. Ne6 Bf4 84. Nd4 Bd2 85. Nb3
Bc3 86. Nc5+ Ka3 87. Ne4 Be1 88. Nc5 Bc3 89. Ne4 Be1 90. Nc5 Ka2 91. Nd3 b3 92.
Nc1+ Kb2 93. Nxb3 Kc2 94. Nd4+ Kd1 95. Kd3 Ba5 96. Ne6 Bd2 97. Ke4 Ke2 98. Kf5
Kf3 99. Nxg5+ Bxg5 100. Kxg5 Kg3 101. Kf5 Kxh3 102. g5 Kg2 103. g6 h3 104. g7 h2
105. g8=Q+ Kf1 106. Qd5 Kg1 107. Qd1+ Kg2 108. Qd2+ Kg1 109. Kg4 h1=Q 110. Kg3 1-0

[Event "ch-NED w 2014"]
[Site "Amsterdam NED"]
[Date "2014.07.07"]
[Round "2.4"]
[White "Hortensius, Lisa"]
[Black "Peng, Zhaoqin"]
[Result "0-1"]
[BlackTitle "GM"]
[WhiteElo "2162"]
[BlackElo "2402"]
[WhiteFideId "1012339"]
[BlackFideId "1004786"]
[EventDate "2014.07.06"]

1. e4 e6 2. d4 d5 3. Nc3 Bb4 4. a3 Bxc3+ 5. bxc3 dxe4 6. Qg4 Nf6 7. Qxg7 Rg8 8.
Qh6 Rg6 9. Qd2 b6 10. Nh3 Bb7 11. Nf4 Rg8 12. Bb5+ c6 13. Be2 Nbd7 14. c4 c5 15.
dxc5 Nxc5 16. Qc3 Ncd7 17. O-O Qc7 18. Be3 O-O-O 19. a4 e5 20. Nh3 Nd5 21. Qe1
Nf4 22. Bxf4 exf4 23. f3 Ne5 24. Nxf4 exf3 25. Bd1 Qc5+ 26. Qf2 Qxc4 0-1

[Event "ch-NED w 2014"]
[Site "Amsterdam NED"]
[Date "2014.07.08"]
[Round "3.1"]
[White "Lanchava, Tea"]
[Black "Hortensius, Lisa"]
[Result "0-1"]
[WhiteTitle "IM"]
[WhiteElo "2286"]
[BlackElo "2162"]
[WhiteFideId "1005308"]
[BlackFideId "1012339"]
[EventDate "2014.07.06"]

1. d4 d5 2. c4 e6 3. Nc3 Nf6 4. Nf3 Be7 5. cxd5 exd5 6. Bf4 O-O 7. Qc2 c6 8. e3
Nbd7 9. Bd3 Re8 10. Ne5 Nf8 11. h3 Bd6 12. O-O-O a6 13. g4 c5 14. g5 Nh5 15.
Rhg1 cxd4 16. Bxh7+ Nxh7 17. Nxf7 Kxf7 18. Bxd6 Qxd6 19. Qxh7 dxc3 20. Qxh5+ Qg6
21. Qf3+ Kg8 22. b3 Qe4 23. Rg3 Bf5 24. Qxe4 Bxe4 25. f3 Bg6 26. f4 Rad8 27. Rf1
Bf5 28. g6 Rd6 29. Rg5 Rf8 30. Rd1 Rxg6 31. Rxg6 Bxg6 32. Rxd5 Re8 33. Rg5 Kf7
34. f5 Bh7 35. Rh5 Kg8 0-1

[Event "ch-NED w 2014"]
[Site "Amsterdam NED"]
[Date "2014.07.08"]
[Round "3.2"]
[White "Muhren, Bianca"]
[Black "Haast, Anne"]
[Result "1-0"]
[WhiteTitle "WGM"]
[BlackTitle "WIM"]
[WhiteElo "2296"]
[BlackElo "2296"]
[WhiteFideId "1008498"]
[BlackFideId "1017292"]
[EventDate "2014.07.06"]

1. e4 c5 2. Nf3 e6 3. d4 cxd4 4. Nxd4 Nc6 5. Nc3 Qc7 6. g3 a6 7. Bg2 h5 8. O-O
h4 9. Re1 hxg3 10. hxg3 Bc5 11. Nxc6 dxc6 12. e5 Ne7 13. Ne4 Qb6 14. Nxc5 Qxc5
15. Be3 Qa5 16. Qd6 Qd8 17. Qxd8+ Kxd8 18. Bb6+ Ke8 19. c4 f6 20. Rad1 Kf7 21.
Rd3 Ng6 22. f4 a5 23. a4 Re8 24. Bf3 Rh8 25. Kg2 Ra6 26. Bc7 Ra7 27. Rd6 Ke7 28.
Red1 fxe5 29. Be4 Nf8 30. Rd8 Ra8 31. fxe5 Rh5 32. Rf1 Rf5 33. Bxf5 exf5 34. Rd2
Be6 35. Bd6+ Kf7 36. Bxf8 Rxf8 37. b3 Ke7 38. Kf3 Rh8 39. Rfd1 Rc8 40. Kf4 Rh8
41. Kg5 Rh3 42. Rg1 Rh6 43. Rb2 Kf7 44. Kf4 Rh5 45. Kf3 Rh8 46. Rd2 Ke7 47. Kg2
Rb8 48. Ra1 Rc8 49. Rd6 Kf7 50. Rc1 Ke7 51. Rh1 Kf7 52. Kf2 b5 53. axb5 cxb5 54.
cxb5 Rc2+ 55. Ke3 Rc3+ 56. Kd4 Rxb3 57. b6 Rb4+ 58. Kc5 Bc8 59. Rh8 Ba6 60. Ra8
Rc4+ 61. Kd5 Bb7+ 62. Kxc4 Bxa8 63. Kb5 Ke7 64. Kxa5 Bb7 65. Kb5 g5 66. Rh6 1-0

[Event "ch-NED w 2014"]
[Site "Amsterdam NED"]
[Date "2014.07.08"]
[Round "3.3"]
[White "Peng, Zhaoqin"]
[Black "Paulet, Iozefina"]
[Result "1-0"]
[WhiteTitle "GM"]
[BlackTitle "WGM"]
[WhiteElo "2402"]
[BlackElo "2227"]
[WhiteFideId "1004786"]
[BlackFideId "1213261"]
[EventDate "2014.07.06"]

1. Nf3 Nf6 2. c4 e6 3. g3 b6 4. Bg2 Bb7 5. O-O Be7 6. Nc3 c5 7. d4 cxd4 8. Qxd4
O-O 9. e4 d6 10. Rd1 a6 11. b3 Nbd7 12. Ba3 e5 13. Qe3 Qc7 14. Rac1 Nc5 15. Nh4
Ng4 16. Qe2 Bxh4 17. Qxg4 Bf6 18. b4 Nd7 19. Nd5 Bxd5 20. cxd5 Qb7 21. Rc6 Nb8
22. Rc3 b5 23. Bh3 a5 24. bxa5 b4 25. Rb1 Na6 26. Rc6 Qa7 27. Bc1 h5 28. Qxh5
Nc5 29. Be3 Qxa5 30. Rxd6 Qxa2 31. Rxb4 Qa1+ 32. Kg2 Nd3 33. Bf5 Rfd8 34. Qh7+
Kf8 35. Rb7 1-0

[Event "ch-NED w 2014"]
[Site "Amsterdam NED"]
[Date "2014.07.08"]
[Round "3.4"]
[White "Kazarian, Anna-Maja"]
[Black "Padurariu, Ioana-Smaranda"]
[Result "0-1"]
[WhiteTitle "WFM"]
[BlackTitle "WIM"]
[WhiteElo "2025"]
[BlackElo "2205"]
[WhiteFideId "1033689"]
[BlackFideId "1210947"]
[EventDate "2014.07.06"]

1. e4 c5 2. Nf3 e6 3. d4 cxd4 4. Nxd4 Nf6 5. Nc3 d6 6. Be2 a6 7. f4 Qc7 8. Be3
b5 9. a3 Bb7 10. Bf3 Nbd7 11. O-O Nc5 12. e5 Nfe4 13. exd6 Nxd6 14. Bxb7 Qxb7
15. f5 e5 16. Ne6 fxe6 17. Bxc5 Nxf5 18. Bxf8 Rxf8 19. Qe2 Qb6+ 20. Kh1 Qc7 21.
Qe4 Rd8 22. Rad1 g6 23. Rxd8+ Qxd8 24. Qc6+ Qd7 25. Qxd7+ Kxd7 26. Ne4 Ke7 27.
g4 Ne3 28. Rxf8 Kxf8 29. Nc5 Ke7 30. Nxa6 Nxc2 31. Kg2 Nd4 32. Kf2 Kd6 33. Ke3
Nb3 34. Ke4 Nd2+ 35. Kd3 Nc4 36. Kc3 e4 37. a4 e3 38. Nb4 e2 39. Nd3 Ne5 40. Ne1
bxa4 41. Kd2 Nc4+ 42. Kc3 Kd5 43. Nc2 e5 44. h4 Kc5 45. h5 g5 46. Ne1 e4 47. Nc2
h6 48. Ne1 Ne5 0-1

[Event "ch-NED w 2014"]
[Site "Amsterdam NED"]
[Date "2014.07.09"]
[Round "4.1"]
[White "Haast, Anne"]
[Black "Hortensius, Lisa"]
[Result "1-0"]
[WhiteTitle "WIM"]
[WhiteElo "2296"]
[BlackElo "2162"]
[WhiteFideId "1017292"]
[BlackFideId "1012339"]
[EventDate "2014.07.06"]

1. e4 c5 2. Nf3 e6 3. d4 cxd4 4. Nxd4 Nc6 5. Nc3 Qc7 6. f4 a6 7. Nxc6 bxc6 8. e5
d5 9. exd6 Bxd6 10. Ne4 Be7 11. Bd3 Nf6 12. O-O O-O 13. Qe2 Nxe4 14. Qxe4 g6 15.
Be3 Bf6 16. Rab1 Rb8 17. Bc5 Rd8 18. b4 Qd7 19. Rfd1 Bd4+ 20. Qxd4 Qxd4+ 21.
Bxd4 Rxd4 22. c3 Rxf4 23. g3 Rf3 24. Rbc1 Bb7 25. Bf1 Rf5 26. Rd7 Kf8 27. Bg2
Bc8 28. Rc7 a5 29. a4 Ba6 30. Rxc6 Bd3 31. b5 Re5 32. Rc7 Bf5 33. c4 Re2 34. Rd1
e5 35. Bd5 Be6 36. Bxe6 fxe6 37. b6 Rb2 38. c5 Ke8 39. Rxh7 1-0

[Event "ch-NED w 2014"]
[Site "Amsterdam NED"]
[Date "2014.07.09"]
[Round "4.2"]
[White "Padurariu, Ioana-Smaranda"]
[Black "Peng, Zhaoqin"]
[Result "0-1"]
[WhiteTitle "WIM"]
[BlackTitle "GM"]
[WhiteElo "2205"]
[BlackElo "2402"]
[WhiteFideId "1210947"]
[BlackFideId "1004786"]
[EventDate "2014.07.06"]

1. e4 e6 2. d4 d5 3. Nc3 Bb4 4. e5 c5 5. a3 Bxc3+ 6. bxc3 Qc7 7. Qg4 f5 8. Qg3
cxd4 9. cxd4 Ne7 10. Bd2 O-O 11. Bd3 b6 12. Ne2 Ba6 13. Nf4 Qd7 14. h4 Bxd3 15.
Qxd3 Nbc6 16. h5 h6 17. O-O Rfc8 18. f3 Nd8 19. g4 Rc4 20. Kh1 Rac8 21. c3 Nf7
22. Ng6 Nxg6 23. hxg6 Nh8 24. Rg1 f4 25. g5 h5 26. Kg2 Rf8 27. Rh1 Rf5 28. Rxh5
Nxg6 29. Kf2 Qe7 30. a4 Qe8 31. Rhh1 Rxa4 32. Qc2 Rxa1 33. Rxa1 Qd7 34. c4 dxc4
35. Qxc4 Rxg5 36. Rc1 Ne7 37. Bxf4 Rf5 38. Bd2 Rf8 39. Qd3 Nc6 40. Qe3 Nxd4 41.
f4 Nf5 42. Qc3 Qd5 43. Rc2 Nd4 44. Rc1 Nb3 0-1

[Event "ch-NED w 2014"]
[Site "Amsterdam NED"]
[Date "2014.07.09"]
[Round "4.3"]
[White "Paulet, Iozefina"]
[Black "Lanchava, Tea"]
[Result "0-1"]
[WhiteTitle "WGM"]
[BlackTitle "IM"]
[WhiteElo "2227"]
[BlackElo "2286"]
[WhiteFideId "1213261"]
[BlackFideId "1005308"]
[EventDate "2014.07.06"]

1. e4 g6 2. d4 Bg7 3. Nc3 c6 4. Nf3 d5 5. h3 Nh6 6. Bd3 O-O 7. O-O f6 8. b3 Nf7
9. a4 e5 10. dxe5 fxe5 11. Ba3 Re8 12. Rb1 Be6 13. h4 Nd7 14. g3 a6 15. Nh2 Nf6
16. Re1 Qd7 17. Bf1 d4 18. Na2 g5 19. hxg5 Nxg5 20. Bg2 Bh3 21. Bc1 Bxg2 22.
Bxg5 Nxe4 23. Bh4 Qh3 24. Qg4 Qxg4 25. Nxg4 Bf3 26. Nh2 Nd2 27. Rbc1 Bd5 28. Nb4
Nf3+ 29. Nxf3 Bxf3 30. Bg5 e4 31. a5 Re5 32. Bd2 Rh5 0-1

[Event "ch-NED w 2014"]
[Site "Amsterdam NED"]
[Date "2014.07.09"]
[Round "4.4"]
[White "Muhren, Bianca"]
[Black "Kazarian, Anna-Maja"]
[Result "1/2-1/2"]
[WhiteTitle "WGM"]
[BlackTitle "WFM"]
[WhiteElo "2296"]
[BlackElo "2025"]
[WhiteFideId "1008498"]
[BlackFideId "1033689"]
[EventDate "2014.07.06"]

1. e4 e6 2. d4 d5 3. Nd2 c5 4. Ngf3 Nc6 5. exd5 exd5 6. Bb5 Bd6 7. O-O Ne7 8.
dxc5 Bxc5 9. Nb3 Bd6 10. Nbd4 O-O 11. c3 Bg4 12. h3 Nxd4 13. cxd4 Bh5 14. Be2
Qb6 15. b3 Nc6 16. Bb2 Rfe8 17. a3 a5 18. Qd3 Re4 19. Rfd1 Rae8 20. Bf1 Qd8 21.
Nd2 R4e6 22. Nf3 Qf6 23. Re1 Re4 24. Ne5 Bg6 25. Ng4 Qf4 26. Rxe4 Bxe4 27. Qe3
h5 28. g3 Qf5 29. Nh2 Re6 30. Re1 Bc2 31. Qd2 Bxb3 32. Re3 Qc2 33. Qxc2 Bxc2 34.
Rxe6 fxe6 35. Nf3 Kf7 36. h4 a4 37. Ne1 Bb3 38. Be2 g6 39. f4 Na5 40. Kf2 Nc4
41. Bxc4 dxc4 42. Nf3 Bc2 43. Ne5+ Bxe5 44. dxe5 Ke7 45. Ke3 Kd7 46. Kd4 Bb3 47.
Kc5 Kc7 48. Bc3 1/2-1/2

[Event "ch-NED w 2014"]
[Site "Amsterdam NED"]
[Date "2014.07.11"]
[Round "5.1"]
[White "Peng, Zhaoqin"]
[Black "Muhren, Bianca"]
[Result "0-1"]
[WhiteTitle "GM"]
[BlackTitle "WGM"]
[WhiteElo "2402"]
[BlackElo "2296"]
[WhiteFideId "1004786"]
[BlackFideId "1008498"]
[EventDate "2014.07.06"]

1. d4 d5 2. Nf3 Nf6 3. c4 dxc4 4. e3 b5 5. a4 b4 6. Bxc4 e6 7. Nbd2 Bb7 8. a5 a6
9. Qa4+ Nbd7 10. O-O c5 11. e4 cxd4 12. e5 Nd5 13. Ne4 Qc7 14. Bd3 Bc6 15. Qc2
Bb5 16. Qxc7 Nxc7 17. Rd1 Nc5 18. Nxc5 Bxc5 19. Bh6 Ba7 20. Bxg7 Rg8 21. Bxb5+
Nxb5 22. Bh6 Rc8 23. Rac1 Kd7 24. Kf1 Rc6 25. Bd2 b3 26. Rxc6 Kxc6 27. Bf4 Kd5
28. Nd2 Bb8 29. Nxb3 Rc8 30. Ke2 Bxe5 31. Bxe5 Kxe5 32. Kd3 Kd5 33. f4 f6 34.
Nd2 Nd6 35. Re1 e5 36. g3 Rb8 37. fxe5 fxe5 38. Kc2 e4 39. Rf1 d3+ 0-1

[Event "ch-NED w 2014"]
[Site "Amsterdam NED"]
[Date "2014.07.11"]
[Round "5.2"]
[White "Hortensius, Lisa"]
[Black "Paulet, Iozefina"]
[Result "0-1"]
[BlackTitle "WGM"]
[WhiteElo "2162"]
[BlackElo "2227"]
[WhiteFideId "1012339"]
[BlackFideId "1213261"]
[EventDate "2014.07.06"]

1. e4 c5 2. Nf3 d6 3. d4 cxd4 4. Nxd4 Nf6 5. Nc3 a6 6. Be3 e5 7. Nb3 Be6 8. h3
h5 9. f4 exf4 10. Bxf4 Nc6 11. Qe2 Ne5 12. O-O-O Nfd7 13. Nd4 Qa5 14. Kb1 Rc8
15. Qe3 g6 16. Be2 Be7 17. g4 h4 18. g5 Bc4 19. Nb3 Qc7 20. Bxc4 Nxc4 21. Qd4
Nde5 22. Nd5 Qc6 23. Nd2 Rh5 24. Nxc4 Nxc4 25. Rhe1 Bxg5 26. Bxg5 Rxg5 27. Qh8+
Kd7 28. Qf6 Qb5 29. Qxf7+ Kc6 30. Ne7+ Kc7 31. Nxc8+ Kxc8 32. Qg8+ Kc7 33. b3
Rc5 34. Qg7+ Kb8 35. Rc1 Qb4 36. Ka1 Ne5 37. Qg8+ Ka7 38. Red1 Qc3+ 39. Kb1 Rb5
40. Qg7 Qxh3 41. Rxd6 Qe3 42. Rd5 Qxe4 43. Rxb5 axb5 44. Qe7 h3 45. Qc5+ Ka6 46.
Qd6+ Ka7 47. Qd2 Nc6 48. Re1 Qf5 49. Rh1 Qf3 50. Qh2 Nd4 51. Qxh3 Qe4 52. Rh2 b4
53. Qg3 Nb5 54. Qf2+ Ka6 55. Qf6+ b6 56. Rh4 Na3+ 57. Ka1 Qe1+ 0-1

[Event "ch-NED w 2014"]
[Site "Amsterdam NED"]
[Date "2014.07.11"]
[Round "5.3"]
[White "Kazarian, Anna-Maja"]
[Black "Haast, Anne"]
[Result "1/2-1/2"]
[WhiteTitle "WFM"]
[BlackTitle "WIM"]
[WhiteElo "2025"]
[BlackElo "2296"]
[WhiteFideId "1033689"]
[BlackFideId "1017292"]
[EventDate "2014.07.06"]

1. e4 c5 2. Nf3 e6 3. d4 cxd4 4. Nxd4 Nc6 5. Nb5 d6 6. c4 Nf6 7. N1c3 a6 8. Na3
b6 9. Be2 Bb7 10. Be3 Be7 11. O-O O-O 12. Qb3 Nd7 13. Rfd1 Nc5 14. Qc2 Re8 15.
Rac1 Rc8 16. Nab1 Qc7 17. a3 Ne5 18. f4 Ng6 19. b4 Nd7 20. Bd3 Qb8 21. Qf2 Bd8
22. e5 Bc7 23. exd6 Bxd6 24. Bxg6 hxg6 25. Qd2 Bc7 26. Qxd7 Rcd8 27. Qa4 Bxf4
28. Bxf4 Qxf4 29. Qc2 Qxc4 30. Rxd8 Rxd8 31. Rd1 Rc8 32. Qf2 Qc6 33. Ne2 Qc2 34.
Nbc3 Be4 35. Qxb6 Bd3 36. Qb7 Rc4 37. Qf3 Bf5 38. h3 Kh7 39. Qe3 Be4 40. Rd2 Qb3
41. Qg5 Bc6 42. g4 Bd5 43. Nxd5 exd5 44. Rxd5 Qxh3 45. Rd4 Rxd4 46. Nxd4 Qxa3
47. Qh4+ Kg8 48. Qd8+ Kh7 49. Qd6 a5 50. Nc6 Qe3+ 51. Kf1 axb4 52. Nxb4 Qf3+ 53.
Ke1 Qxg4 54. Nd5 g5 55. Ne3 Qf4 56. Qxf4 gxf4 57. Nd5 g5 58. Kf2 Kg6 59. Kf3 Kf5
60. Ne7+ Ke6 61. Nc6 Kd5 62. Ne7+ Kd6 63. Nf5+ Ke5 64. Ne7 g4+ 65. Kxg4 Ke4 66.
Nf5 f3 67. Ng3+ Ke3 68. Kf5 Kf2 1/2-1/2